• 首页
  • 本馆介绍
  • 公告通知
  • 最新文献
  • 馆藏检索
  • 电子资源
  • 读者导购
  • 参考咨询
  • 我的图书馆
  • 登录
  • 详细信息显示
  • 放入我的书架
  • 预约/预借图书
  • 作者相关作品
  • 分类相关作品
  • 丛书相关作品
  • 出版社相关作品

书目信息

  • 表格格式
  • 工作单格式
  • 卡片格式
题名:
金铁霖声乐教学曲选
    
 
作者: 金铁霖 著
分册:  
出版信息: 北京   人民音乐出版社  
页数: 75页
开本: 24cm
丛书名:
单 册:
中图分类: J652.3
科图分类:
主题词: 外国音乐--作品 , 音乐--各国--作品
电子资源:
ISBN:
000 00563nam0 2200181 450
001 202411089723035305
005 20241108105700.68
100    @a20241108d km y0chiy0120 ea
101 0  @achi
200 1  @a金铁霖声乐教学曲选@AJin Tie Lin Sheng Yue Jiao Xue Qu Xuan@f金铁霖著@FJin Tie Lin Zhu
210    @a北京@c人民音乐出版社
215    @a75页@d24cm
606 0  @a外国音乐@x作品
606 0  @a音乐@y各国@x作品
690    @aJ652.3@v4
701  0 @a金铁霖@AJin Tie Lin@4著
801  0 @aCN@b大连网信软件有限公司图书馆·11@c20241108
905    @aZUCC@b1057816@dJ652.3@e975@f1
    
    金铁霖声乐教学曲选/金铁霖著.-北京:人民音乐出版社
    75页;24cm
    
    
    ISBN :
    
●
相关链接 在E读中查询图书 在五车中查询图书 在当当中查询图书 在豆瓣中查询图书


正题名:金铁霖声乐教学曲选     索取号:J652.3/975         预约/预借

序号 登录号 条形码 馆藏地/架位号 状态 备注
1 1057816   210578169   密集书库-音乐系/ [索取号:J652.3/975] 在馆    
唐山师范学院图书馆 欢迎您!
大连网信软件有限公司© 版权所有